000 01221nam a22002897a 4500
999 _c13424
_d13424
003 AR-CdUCM
008 190415b ||||| |||| 00| 0 spa d
020 _a9972-691-41-1
040 _aMUNICIPALIDAD PROVINCIAL DEL CUSCO
_cBIBLIOTECA MUNICIPAL DEL CUSCO
082 _a349.85039 /
_bD41
100 _aDecoster, Jean-Jacques
_92968
245 _aYlustre consejo, justicia y regimiento :
_bcatálogo del fondo cabildo del Cuzco : causas civiles /
260 _aCusco :
_bCentro de Estudios Regionales Andinos "Bartolomé de las Casas",
_bInstituto Latinoamericano de Investigación,
_c2001.
300 _a315 páginas ;
_c23 cm.
440 _aArchivos de Historia Andina.
_n36
_92969
500 _aTexto en dos columnas.
505 _aContenido: El rol del Cabildo en la administración colonial -- Legajo.
650 _aDerecho indiano (Municipal)
_931836
650 _aCusco
_9772
650 _aPerú
_935
650 _aSiglo XVI-XIX
_931837
700 _aMendoza, José Luis (coautor)
_931838
710 _aCentro de Estudios Regionales Andinos Bartolomé de Las Casas (Cusco)
_93306
710 _aInstituto Latinoamericano de Investigación (Cusco)
_931839
942 _2ddc
_cLIBROS
945 _aachl
_d2019-04-15